O Tabuleiro das Surpresas (Registo nº 28914)
[ vista simples ]
| 000 -Etiqueta do registo | |
|---|---|
| Valores | 00574cam a22002291 4500 |
| 090 ## - | |
| -- | 28914 |
| 095 ## - | |
| -- | PTBN00301423 |
| 100 ## - Dados gerais de processamento | |
| Dados gerais | 20080416d1972 a y0pory5003 ba |
| 101 1# - Língua de publicação | |
| -- | por |
| 102 ## - País de publicação | |
| -- | PT |
| 200 1# - Titulo e menção de responsabilidade | |
| Título próprio | O Tabuleiro das Surpresas |
| Primeira menção de responsabilidade | António Torrado |
| Outras menções de responsabilidade | ilo. Luiz Duran |
| 210 ## - Publicação | |
| Local de publicação | Lisboa |
| Nome do editor | Plátano |
| 215 ## - Descrição física | |
| Paginação / Volumes | [12] p. |
| Outras indicações físicas | il. |
| Dimensões | 22 cm |
| 225 2# - Colecção | |
| Título próprio da colecção | Novos horizontes |
| Indicação de volume | 5 |
| 675 ## - CDU | |
| Notação | 087.5 |
| Edição | med |
| Língua | por |
| 700 #1 - Autor principal (pessoa individual) | |
| Apelido | Torrado |
| Nome | António |
| 702 #1 - Autor secundário (pessoa individual) | |
| Apelido | Duran |
| Nome | Luiz |
| -- | 440 |
| 801 #0 - Fonte de origem | |
| País | PT |
| Agência | BN |
| Regras de catalogação | RPC |
| 930 ## - | |
| -- | BECRE |
| 990 ## - Elementos KOHA | |
| Tipo de documento | Livro |
| 995 ## - Localização e informação dos exemplares | |
| -- | 18 |
| Situação do levantamento | Estado | Biblioteca de origem | Biblioteca de empréstimo | Código de barras | Cota | Permissão de empréstimo | Tipo de documento |
|---|---|---|---|---|---|---|---|
| Completo | Biblioteca da Escola Básica de Aguiar | Biblioteca da Escola Básica de Aguiar | 348BA | 087.5 TOR | Disponível | Livro |